Расчет эксплуатационных свойств дизельных топлив с применением квантово-химических методов анализа; Проблемы геологии и освоения недр; Т. 2
| Parent link: | Проблемы геологии и освоения недр: труды XXII Международного симпозиума имени академика М. А. Усова студентов и молодых ученых, посвященного 155-летию со дня рождения академика В.А. Обручева, 135-летию со дня рождения академика М.А. Усова, основателей Сибирской горно-геологической школы, и 110-летию первого выпуска горных инженеров в Сибири, Томск, 2-7 апреля 2018 г./ Национальный исследовательский Томский политехнический университет, Инженерная школа природных ресурсов ; под ред. А. С. Боева.— , 2018 Т. 2.— 2018.— [С. 410-412] |
|---|---|
| Egile nagusia: | |
| Erakunde egilea: | |
| Beste egile batzuk: | , |
| Gaia: | Заглавие с экрана |
| Hizkuntza: | errusiera |
| Argitaratua: |
2018
|
| Saila: | Современные технологии подготовки и переработки природных ресурсов Химические технологии подготовки и переработки горючих ископаемых |
| Gaiak: | |
| Sarrera elektronikoa: | http://earchive.tpu.ru/handle/11683/51104 |
| Formatua: | Baliabide elektronikoa Liburu kapitulua |
| KOHA link: | https://koha.lib.tpu.ru/cgi-bin/koha/opac-detail.pl?biblionumber=628029 |
MARC
| LEADER | 00000naa2a2200000 4500 | ||
|---|---|---|---|
| 001 | 628029 | ||
| 005 | 20260410071620.0 | ||
| 035 | |a (RuTPU)RU\TPU\conf\28117 | ||
| 035 | |a RU\TPU\conf\28101 | ||
| 090 | |a 628029 | ||
| 100 | |a 20181010d2018 k y0rusy50 ca | ||
| 101 | 0 | |a rus | |
| 102 | |a RU | ||
| 105 | |a y z 100zy | ||
| 135 | |a drgn ---uucaa | ||
| 181 | 0 | |a i | |
| 182 | 0 | |a b | |
| 200 | 1 | |a Расчет эксплуатационных свойств дизельных топлив с применением квантово-химических методов анализа |f М. В. Майлин, Е. В. Францина, Н. С. Белинская |g науч. рук. Е. В. Францина | |
| 203 | |a Текст |c электронный | ||
| 225 | 1 | |a Современные технологии подготовки и переработки природных ресурсов | |
| 225 | 1 | |a Химические технологии подготовки и переработки горючих ископаемых | |
| 300 | |a Заглавие с экрана | ||
| 320 | |a [Библиогр.: с. 412 (8 назв.)] | ||
| 461 | 1 | |0 (RuTPU)RU\TPU\conf\27247 |t Проблемы геологии и освоения недр |o труды XXII Международного симпозиума имени академика М. А. Усова студентов и молодых ученых, посвященного 155-летию со дня рождения академика В.А. Обручева, 135-летию со дня рождения академика М.А. Усова, основателей Сибирской горно-геологической школы, и 110-летию первого выпуска горных инженеров в Сибири, Томск, 2-7 апреля 2018 г. |o в 2 т. |f Национальный исследовательский Томский политехнический университет, Инженерная школа природных ресурсов ; под ред. А. С. Боева |d 2018 | |
| 463 | 1 | |0 (RuTPU)RU\TPU\conf\27249 |t Т. 2 |v [С. 410-412] |d 2018 | |
| 610 | 1 | |a труды учёных ТПУ | |
| 610 | 1 | |a электронный ресурс | |
| 610 | 1 | |a расчеты | |
| 610 | 1 | |a эксплуатационные свойства | |
| 610 | 1 | |a дизельные топлива | |
| 610 | 1 | |a квантово-химические методы | |
| 610 | 1 | |a методы анализа | |
| 610 | 1 | |a глубокая переработка | |
| 610 | 1 | |a нефти | |
| 610 | 1 | |a нефтяные фракции | |
| 700 | 1 | |a Майлин |b М. В. | |
| 701 | 1 | |a Францина |b Е. В. |c химик-технолог |c доцент Томского политехнического университета, кандидат технических наук |f 1985- |g Евгения Владимировна |3 (RuTPU)RU\TPU\pers\25034 |9 11167 | |
| 701 | 1 | |a Белинская |b Н. С. |c химик |c доцент Томского политехнического университета, кандидат технических наук |f 1989- |g Наталия Сергеевна |y Томск |3 (RuTPU)RU\TPU\pers\30822 |9 15069 | |
| 702 | 1 | |a Францина |b Е. В. |c химик-технолог |c доцент Томского политехнического университета, кандидат технических наук |f 1985- |g Евгения Владимировна |4 727 | |
| 712 | 0 | 2 | |a Национальный исследовательский Томский политехнический университет |b Инженерная школа природных ресурсов |b Отделение химической инженерии |3 (RuTPU)RU\TPU\col\23513 |
| 801 | 2 | |a RU |b 63413507 |c 20181025 |g RCR | |
| 856 | 4 | |u http://earchive.tpu.ru/handle/11683/51104 | |
| 942 | |c BK | ||